Joueurs de foot sur les boites de fifa - Statistiques

Statistiques générales
  • Ce quiz a été pris 747 fois
  • Le résultat moyen est 19 sur 32
Statistiques - réponses
Hint Réponse % Correct
FIFA 18 Cristiano Ronaldo
98%
FIFA 19 Cristiano Ronaldo, Neymar
98%
FIFA 21 Kylian Mbappé
98%
FIFA 22 Kylian Mbappé
98%
FIFA 13 Lionel Messi
98%
FIFA 14 Lionel Messi
98%
FIFA 15 Lionel Messi
98%
FIFA 16 Lionel Messi, Alex Morgan
98%
FIFA 23 Kylian Mbappé, Sam Kerr
96%
FIFA 20 Eden Hazard, Virgil van Dijk, Zinedine Zidane
92%
FIFA Football 2004 Thierry Henry, Alessandro Del Piero, Ronaldinho
84%
FIFA 06 Wayne Rooney, Ronaldinho
84%
FIFA 07 Wayne Rooney, Ronaldinho
84%
FIFA 09 Wayne Rooney, Ronaldinho, Theo Walcott
84%
FIFA 10 Wayne Rooney, Frank Lampard, Kaka, Karim Benzema
83%
FC 24 Erling Haaland
81%
FIFA 11 Wayne Rooney, Kaka
76%
FIFA 17 Marco Reus
73%
FIFA 08 Wayne Rooney, Sergio Ramos
67%
FIFA 2002 Thierry Henry
65%
FIFA 12 Wayne Rooney, Jack Wilshere
65%
FIFA Football 2003 Roberto Carlos, Ryan Giggs, Edgar Davids
28%
FC 25 Jude Bellingham
26%
FIFA 98 David Beckham
25%
FIFA Football 2005 Patrick Vieira, Fernando Morientes, Andriy Shevchenko
19%
FIFA 99 Dennis Bergkamp
10%
FIFA 2001 Paul Scholes
7%
FIFA 97 David Ginola
6%
FIFA 2000 Sol Campbell
4%
FIFA International David Platt, Piotr Świerczewski
2%
FIFA 95 Erik Thorstvedt
2%
FIFA 96 Frank de Boer, Jason McAteer, Andy Legg
1%
Aucun quiz correspondant
Distribution des résultats
% des personnes avec chaque résultat
Percentile par nombre de réponses
Votre historique - résultats
Vous n’avez pas pris ce quiz